[Event "45th FIDE Chess Olympiad Open"]
[Site "Budapest, Hungary"]
[Date "2024.09.12"]
[Round "2"]
[White "Hussain, Nimal"]
[Black "Nader Obeid"]
[Result "0-1"]
[WhiteElo "1805"]
[BlackElo "2083"]
[PlyCount "108"]
[EventDate "2024.??.??"]
[WhiteTeam "Maldives"]
[BlackTeam "Sudan"]
[WhiteTeamCountry "MDV"]
[BlackTeamCountry "SUD"]
[WhiteClock "0:48:41"]
[BlackClock "0:13:21"]

1. d4 d5 2. c4 c6 3. Bf4 e6 ({RR} 3... dxc4 4. e3 b5 5. a4 Nf6 6. Nc3 b4 7. Nb1 Ba6 8. Qc1 c3 9. bxc3 Bxf1 10. Kxf1 e6 11. Nf3 Nbd7 12. Ke2 Qa5 13. c4 Qa6 14. Qc2 c5 15. Rc1 Rc8 16. Ke1 Be7 17. Qb3 O-O 18. Nbd2 {0-1 Miles,A (2590)-Akopian,V (2605) Las Vegas National op 1994}) 4. e3 Bd6 ({RR} 4... Nf6 5. Bd3 Bb4+ 6. Nc3 dxc4 7. Bxc4 Nd5 8. Bxd5 exd5 9. Nf3 Bg4 10. O-O O-O 11. h3 Bh5 12. Kh1 Re8 13. Rg1 Nd7 14. Qb3 Qb6 15. Ne5 Nxe5 16. Bxe5 Be7 17. Qxb6 axb6 18. g4 Bg6 19. a3 {½-½ Enkhnasan,N (1674)-Kassymov,T (1930) Asian Seniors +65 2024 (9.9)}) 5. Bg3 f5 $146 ({RR} 5... Nf6 6. Nc3 Bc7 7. Nf3 Ba5 8. Qc2 Nbd7 9. Bd6 dxc4 10. Ba3 b5 11. b4 Bb6 12. Bb2 a5 13. Ba3 Bb7 14. bxa5 Bxa5 15. Nd2 Nd5 16. Nxd5 exd5 17. Bd6 Nb6 18. Be5 f6 19. Bg3 Na4 20. Be2 {½-½ Horelik,L-Geisert,B Hassloch op-B 1999 (4)}) ({RR} 5... Nf6 6. Nc3 Nbd7 7. Nf3 Bxg3 8. hxg3 Qc7 9. Qc2 h6 10. Bd3 dxc4 11. Bxc4 e5 12. O-O-O exd4 13. Nxd4 Nb6 14. Bb3 Qe7 15. Nf5 Bxf5 16. Qxf5 Nbd7 17. Rd4 Nc5 18. Bc2 Ne6 19. Rd2 Qc5 20. Ne4 {½-½ Battsengel,S (2025)-Soyolmaa,D (2056) MGL-ch (Women) 2002 (7)}) 6. Nc3 Nf6 7. Nf3 O-O 8. Bd3 Ne4 9. Bxd6 Qxd6 10. Ne5 Nd7 11. f4 Nxe5 12. dxe5 Qc5 13. Qe2 Nxc3 14. bxc3 dxc4 15. Bxc4 b5 16. Bb3 a5 17. c4 a4 18. Bc2 bxc4 19. Kf2 Ba6 20. Bxa4 c3 21. Qc2 Bd3 22. Qb3 Bc4 23. Qc2 Bd5 24. Rhc1 Rfb8 25. Bb3 Ra3 26. Rab1 Bxb3 27. Rxb3 Rba8 28. Qxc3 Rxa2+ 29. Kg3 Qd5 30. Rc2 h6 31. Qc4 Rxc2 32. Qxc2 c5 33. Rd3 Qe4 34. Rc3 Qxc2 35. Rxc2 Ra5 36. Kh4 Kf7 37. h3 Rb5 38. Kh5 Ra5 39. g4 fxg4 40. hxg4 Rb5 41. Ra2 Rb7 42. e4 c4 43. f5 c3 44. Rc2 Rc7 45. f6 Rc5 46. fxg7 Kxg7 47. Kh4 Kg6 48. Kg3 Kg5 49. Kf3 Rc4 50. Ke3 Kxg4 51. Kd3 Rc8 52. Rg2+ Kf3 53. Rc2 Rd8+ 54. Kxc3 Rc8+ 0-1

[Event "45th FIDE Chess Olympiad Open"]
[Site "Budapest, Hungary"]
[Date "2024.09.12"]
[Round "2"]
[White "Eltag, Siddig"]
[Black "Abdul Rahman, Ali"]
[Result "1-0"]
[WhiteElo "2138"]
[BlackElo "1844"]
[PlyCount "141"]
[EventDate "2024.??.??"]
[WhiteTeam "Sudan"]
[BlackTeam "Maldives"]
[WhiteTeamCountry "SUD"]
[BlackTeamCountry "MDV"]
[WhiteClock "0:24:52"]
[BlackClock "0:47:57"]

1. d4 d5 2. c4 e6 3. e3 Nf6 4. Nc3 c6 5. Nf3 Bd6 6. Bd3 Nbd7 7. O-O O-O 8. e4 dxe4 9. Nxe4 Nxe4 10. Bxe4 f5 11. Bc2 Nf6 12. Re1 ({RR} 12. b3 Qe8 13. Re1 Qh5 14. Ne5 Qh4 15. Nf3 Qh5 16. Ne5 Qh4 17. h3 Re8 18. Nf3 Qh5 19. Ne5 Qh4 20. Bb2 Bd7 21. Qf3 Re7 22. Nxd7 Nxd7 23. d5 exd5 24. Rxe7 Qxe7 25. cxd5 Re8 26. Rf1 g6 {1-0 Biolek,R (2442)-Sramek,V (2304) CZE-ch Ostrava 2019 (7)}) ({RR} 12. Qe2 b6 13. Rd1 Re8 14. Ne5 Bb7 15. c5 Bc7 16. Bg5 h6 17. Bf4 Nd5 18. Bd2 Qf6 19. a4 bxc5 20. Nd7 Qf7 21. Nxc5 Bc8 22. Ra3 e5 23. Re1 e4 24. f3 Qf6 25. Qc4 Qh4 26. h3 Kh8 {1-0 Melikhov,E (2269)-Ladan,N (2228) Titled Tue 16th May Early 2023 (11)}) 12... b6 $146 ({RR} 12... Qc7 13. h3 Bd7 14. b3 Bf4 15. Ne5 Bxc1 16. Rxc1 Rae8 17. Qf3 Re7 18. Rcd1 Be8 19. Qc3 Bh5 20. f3 g5 21. g4 Bg6 22. Re2 a6 23. Rde1 Rfe8 24. Qd2 fxg4 25. Qxg5 gxf3 26. Bxg6 fxe2 27. Bf7+ {1-0 Schulte,R (1770)-Vehmeyer,T (2003) Muensterland Verbandsklasse-A 0506 2005 (6.8)}) ({RR} 12... Re8 13. b3 b6 14. Bb2 Qc7 15. h3 c5 16. dxc5 Bxc5 17. Be5 Qf7 18. Qe2 Bb7 19. Rad1 Bb4 20. Rf1 h6 21. Bd6 Bxd6 22. Rxd6 Rad8 23. Rfd1 Rxd6 24. Rxd6 Qe7 25. Rd1 a5 26. Qe3 Bxf3 27. Qxf3 {½-½ Szabo,B (2131)-Rozic,S (1852) EU Union-ch U14 2007 (3)}) ({RR} 12... b5 13. c5 Bc7 14. Bg5 h6 15. Bxf6 gxf6 16. Bb3 Qe8 17. Nh4 Kh7 18. Nxf5 Qg6 19. Ne7 Qg7 20. Nxc8 Raxc8 21. Bxe6 Rcd8 22. Qd3+ Kh8 23. Rad1 Rfe8 24. Qf3 Qg5 25. Qxc6 Ba5 26. Re3 Bb4 27. Rg3 {1-0 Schol Grin,A (1732)-Knol,G (2125) Haarlem Nova College op 2006 (1)}) 13. Ng5 Re8 14. Qf3 Qc7 15. Qh3 h6 16. Nf3 Bb7 17. Bd2 a5 18. Bc3 Ng4 19. Re2 Qf7 20. Rae1 a4 21. b3 b5 22. c5 Bc7 23. b4 Rac8 24. a3 Ba8 25. Bb1 Nf6 26. Ne5 Bxe5 27. Rxe5 Nd5 28. Bd2 Rcd8 29. Qd3 Bb7 30. Qe2 Nc7 31. Bc3 Rd5 32. Re3 Rdd8 33. Ba2 Bc8 34. Re5 Bd7 35. Kh1 Nd5 36. Bd2 Kf8 37. Qf3 Qg6 38. h3 Kg8 39. R1e2 Kh8 40. Re1 Rf8 41. Qd3 Qf7 42. Qg3 Rde8 43. Qf3 Qg6 44. Kg1 Kg8 45. R5e2 Qf7 46. Bf4 Kh8 47. Bd6 Rg8 48. Kh2 Kh7 49. Qd3 g6 50. Qc2 Nf6 51. f3 Nd5 52. Bxd5 cxd5 53. c6 Rc8 54. cxd7 Rxc2 55. Rxc2 Rd8 56. Rc7 Kg8 57. Rec1 g5 58. Rb7 Rxd7 59. Rc8+ Kg7 60. Rxd7 Qxd7 61. Rc7 Qxc7 62. Bxc7 Kg6 63. Kg3 h5 64. h4 f4+ 65. Bxf4 gxf4+ 66. Kxf4 Kf6 67. g4 hxg4 68. fxg4 e5+ 69. dxe5+ Ke6 70. g5 Kf7 71. h5 1-0

[Event "45th FIDE Chess Olympiad Open"]
[Site "Budapest, Hungary"]
[Date "2024.09.12"]
[Round "2"]
[White "Ahmad, Al Khatib"]
[Black "Khan, Taffin"]
[Result "1-0"]
[WhiteElo "2302"]
[BlackElo "2066"]
[PlyCount "65"]
[EventDate "2024.??.??"]
[WhiteTeam "Jordan"]
[BlackTeam "Guyana"]
[WhiteTeamCountry "JOR"]
[BlackTeamCountry "GUY"]
[WhiteClock "0:01:01"]
[BlackClock "0:04:32"]

1. d4 d5 2. c4 e5 3. dxe5 d4 4. Nf3 Nc6 5. a3 Nge7 6. Nbd2 Bg4 7. h3 Be6 8. g3 ({RR} 8. Nb3 Bxc4 9. Nbxd4 Qd5 10. Be3 O-O-O 11. Rc1 Ba6 12. Qc2 Rd7 13. g3 Qa5+ 14. Bd2 Qb6 15. Nxc6 Nxc6 16. Bg2 Qb5 17. O-O Qxe2 18. Rfe1 Qd3 19. Qa4 Bb5 20. Qf4 Nd4 21. Nxd4 Rxd4 22. Qxf7 Rd7 {1-0 Burg,T (2362)-Pruijssers,R (2442) NED-ch U21 Venlo 2009 (3)}) ({RR} 8. b4 Ng6 9. Nb3 Qd7 10. e3 O-O-O 11. exd4 Ncxe5 12. Be2 Nxc4 13. Qc2 Nb6 14. Be3 Nd5 15. O-O Bd6 16. a4 Bf5 17. Qc4 Be6 18. Qc1 Ngf4 19. Ng5 Nxe2+ {0-1 Warwick,E-Guzman,J (1867) Caissa Guatemala Online blitz 2021 (6)}) 8... Ng6 9. Bg2 Be7 $146 ({RR} 9... Qd7 10. Ng5 Ngxe5 11. Nxe6 Qxe6 12. O-O Nxc4 13. Nxc4 Qxc4 14. Bf4 Bd6 15. Bxd6 cxd6 16. Rc1 Qb5 17. a4 Qb6 18. Qd2 O-O 19. Rfd1 Na5 20. Bd5 Rae8 21. b4 Nc6 22. b5 Ne7 23. Bf3 Nf5 24. Rc4 {½-½ Neuwirth,M (1988)-Schilly,H (1816) Berlin-ch QT 2013 (3)}) 10. Nb3 Bxc4 11. Nbxd4 Bd5 12. O-O O-O 13. Nf5 Be4 14. Nxe7+ Qxe7 15. Qa4 Bf5 16. Bg5 Qe8 17. Rac1 Qc8 18. g4 Bd7 19. Qe4 Re8 20. Bf4 f5 21. gxf5 Bxf5 22. Qe3 Bxh3 23. Ng5 Nxf4 24. Qxf4 Be6 25. Rfd1 Nd8 26. Qe4 g6 27. Qh4 h5 28. Ne4 Rf8 29. Qe7 Rf7 30. Qe8+ Kg7 31. Nc5 Rf8 32. Qxf8+ Kxf8 33. Rxd8+ 1-0

[Event "45th FIDE Chess Olympiad Open"]
[Site "Budapest, Hungary"]
[Date "2024.09.12"]
[Round "2"]
[White "Drayton, Anthony"]
[Black "Loay, Sameer"]
[Result "1/2-1/2"]
[WhiteElo "1964"]
[BlackElo "2194"]
[PlyCount "87"]
[EventDate "2024.??.??"]
[WhiteTeam "Guyana"]
[BlackTeam "Jordan"]
[WhiteTeamCountry "GUY"]
[BlackTeamCountry "JOR"]
[WhiteClock "1:05:20"]
[BlackClock "0:41:24"]

1. d4 Nf6 2. Bf4 g6 3. Nc3 d5 4. e3 Bg7 5. Be2 O-O 6. h4 h5 7. Nf3 c5 8. Nb5 ({RR} 8. dxc5 Qa5 9. O-O Qxc5 10. Nb5 a6 11. Nc7 Ra7 12. Nb5 axb5 13. Bxb8 Ra8 14. Be5 b4 15. Bd4 Qa5 16. c3 Bg4 17. Qb3 bxc3 18. Bxc3 Qc7 19. Rac1 Qd8 20. Rfd1 e6 21. Bb4 Re8 22. Bb5 Nd7 {½-½ Naiditsch,A (2702)-Carlsen,M (2838) Grenke Chess Classic 4th 2017 (6)}) 8... Nc6 9. Bc7 $146 ({RR} 9. Nc7 e5 10. dxe5 Qxc7 11. exf6 Qa5+ 12. c3 Bxf6 13. O-O d4 14. cxd4 cxd4 15. exd4 Rd8 16. Be3 Bg4 17. Qb3 Bxf3 18. Bxf3 Nxd4 19. Bxd4 Rxd4 20. Qxb7 Rad8 21. Rac1 Rxh4 22. Rc7 Rb4 23. Qxa7 Qxa7 {0-1 Khalid,E (2008)-Gulkov,I (2358) Titled Tuesday intern op 14th April blitz 2020 (2)}) ({RR} 9. c3 a6 10. Na3 Bf5 11. O-O Ne4 12. Nc2 Re8 13. Ne5 Qb6 14. f3 Nd6 15. Nxc6 Qxc6 16. Ne1 e5 17. dxe5 Bxe5 18. Bd3 Bxf4 19. exf4 Qb6 20. Qb3 Qa7 21. Qxd5 c4+ 22. Kh2 cxd3 23. Qxd6 Rad8 {0-1 Emujin Enkh-Amgalan (1906)-Khuslen,E (2004) ch-MGL Women 2024 (8.4)}) ({RR} 9. c3 a6 10. Na3 b5 11. Nc2 Ne4 12. Nd2 e5 13. dxe5 Nxe5 14. f3 Nxd2 15. Qxd2 Be6 16. Rd1 Qa5 17. Bxe5 Bxe5 18. f4 Bf6 19. a3 Rad8 20. g3 Bf5 21. O-O Rfe8 22. Bd3 Bg4 23. b4 Qc7 {0-1 Fjallheim,L (1985)-Ziska,H (2533) FAI-chT 1920 2019 (1.1)}) ({RR} 9. Nc7 e5 10. dxe5 Qxc7 11. exf6 Qa5+ 12. c3 Bxf6 13. O-O Qd8 14. Bg5 Be6 15. Qa4 Re8 16. Rad1 Rc8 17. Rd2 Bxg5 18. Nxg5 Qf6 19. Bf3 Red8 20. Rfd1 Qe5 21. Qb5 Ne7 22. c4 b6 23. cxd5 Bg4 {1-0 Burcu,C (2301)-Bick,G (2416) Fagernes TV2 GM op 2018 (3)}) 9... Qd7 10. Bf4 a6 11. Nc7 Ra7 12. Ne5 Qxc7 13. Nxg6 Qa5+ 14. c3 fxg6 15. Qc2 Bf5 16. Bd3 Bxd3 17. Qxd3 Kf7 18. g4 hxg4 19. Be5 Qb5 20. Qc2 Nxe5 21. dxe5 Ne4 22. O-O-O e6 23. h5 gxh5 24. f3 gxf3 25. Qh2 Ke7 26. Qh4+ Kd7 27. Qxe4 Kc8 28. Qg6 Qd7 29. Rxh5 Qf7 30. Qg4 b5 31. Rh7 Rh8 32. Rxh8+ Bxh8 33. Rf1 Bxe5 34. Rxf3 Qe7 35. Qg8+ Kd7 36. Rf7 Bd6 37. Rxe7+ Bxe7 38. Qb8 Rc7 39. Qb6 Rc6 40. Qb7+ Kd6 41. Qb8+ Kd7 42. Qb7+ Kd6 43. Qb8+ Kd7 44. Qb7+ 1/2-1/2

[Event "45th FIDE Chess Olympiad Open"]
[Site "Budapest, Hungary"]
[Date "2024.09.12"]
[Round "2"]
[White "Saif, Malek"]
[Black "Nathoo, Loris"]
[Result "1-0"]
[WhiteElo "2162"]
[BlackElo "1788"]
[PlyCount "53"]
[EventDate "2024.??.??"]
[WhiteTeam "Jordan"]
[BlackTeam "Guyana"]
[WhiteTeamCountry "JOR"]
[BlackTeamCountry "GUY"]
[WhiteClock "0:42:01"]
[BlackClock "0:11:31"]

1. e4 c5 2. b3 g6 3. Bb2 Nf6 4. Nc3 d6 5. Bb5+ Bd7 6. Bxd7+ Nbxd7 ({RR} 6... Qxd7 7. Nd5 Bg7 8. Nxf6+ exf6 9. Qf3 Qe7 10. O-O-O Nc6 11. Ne2 O-O 12. Nf4 f5 13. Bxg7 Kxg7 14. Rhe1 Qe5 15. c3 Rae8 16. exf5 Qxf5 17. Re3 Ne5 18. Qg3 Ng4 19. Rf3 Ne5 20. Re3 Ng4 21. Rf3 {½-½ Morozevich,A (2676)-Artemiev,V (2692) RUS-ch blitz 2017 (18)}) 7. Nge2 $146 ({RR} 7. f4 Bg7 8. Qe2 O-O 9. O-O-O e6 10. g4 d5 11. e5 Ne8 12. h4 f6 13. exf6 Qxf6 14. g5 Qf7 15. h5 Nd6 16. hxg6 hxg6 17. Kb1 Rfe8 18. Qh2 d4 19. Nce2 e5 20. fxe5 Nxe5 21. Qh7+ Kf8 {1-0 Ostensen,N (2216)-Indjic,A (2606) Titled Tue 12th Sep Early 2023 (1)}) ({RR} 7. Nd5 Bg7 8. Ne2 O-O 9. Nxf6+ Bxf6 10. Bxf6 Nxf6 11. Nc3 a6 12. O-O b5 13. Re1 e5 14. a4 b4 15. Nb1 Nh5 16. d3 f5 17. Nd2 Nf4 18. g3 Ne6 19. f4 fxe4 20. Rxe4 Qf6 21. Qe1 Nd4 {½-½ Grgurevic,B (2220)-Tomasic,R (2110) CRO-chT1B Bol 2014 (9.2)}) ({RR} 7. f4 Bg7 8. d3 O-O 9. Nf3 b5 10. O-O b4 11. Ne2 a5 12. a4 e5 13. fxe5 Ng4 14. Qd2 Ngxe5 15. Nxe5 Nxe5 16. Rab1 Qd7 17. Nf4 f5 18. Nd5 fxe4 19. dxe4 Rab8 20. Qe2 h6 21. Rxf8+ Rxf8 {1-0 Dinu,D (2203)-Mamedov,E (2193) Titled Tue 30th May Early 2023 (8)}) 7... e5 8. O-O Bg7 9. f4 O-O 10. d3 Ng4 11. Qd2 Qh4 12. h3 Ndf6 13. Rf3 exf4 14. hxg4 Nxg4 15. Rh3 Qf2+ 16. Kh1 Ne3 17. Rg1 Ng4 18. Qd1 Bd4 19. Nxd4 cxd4 20. Qxg4 dxc3 21. Bxc3 f5 22. Qg5 fxe4 23. Qh6 Rf7 24. Qxg6+ Kf8 25. Qxd6+ Ke8 26. Rh5 Rd7 27. Qf6 1-0

[Event "45th FIDE Chess Olympiad Open"]
[Site "Budapest, Hungary"]
[Date "2024.09.12"]
[Round "2"]
[White "Sandiford, Keron"]
[Black "Anas Khwaira"]
[Result "0-1"]
[WhiteElo "1755"]
[BlackElo "1994"]
[PlyCount "52"]
[EventDate "2024.??.??"]
[WhiteTeam "Guyana"]
[BlackTeam "Jordan"]
[WhiteTeamCountry "GUY"]
[BlackTeamCountry "JOR"]
[WhiteClock "0:19:51"]
[BlackClock "0:16:10"]

1. e4 c6 2. d4 d5 3. exd5 cxd5 4. c4 Nf6 5. Nc3 e6 6. Nf3 Bb4 7. a3 Bxc3+ 8. bxc3 Nbd7 9. cxd5 exd5 10. Bd3 O-O 11. O-O Re8 12. c4 $146 ({RR} 12. Bg5 h6 13. Bxf6 Nxf6 14. Ne5 Qa5 15. Rb1 Qxa3 16. Rb3 Qd6 17. Kh1 a5 18. Qf3 a4 19. Rbb1 a3 20. g4 a2 21. Ra1 Be6 22. Qg2 Qa3 23. g5 hxg5 24. Qxg5 Qf8 25. Rg1 Nd7 26. Qh5 f5 {½-½ Berendsen,R-Trbojevic,M Wch U14 Szeged 1994 (4)}) ({RR} 12. Bg5 Nf8 13. Ne5 Ne6 14. Bh4 Nf4 15. Bb5 Rf8 16. Qf3 Ng6 17. Bg5 Qd6 18. Bxf6 gxf6 19. Ng4 Kg7 20. g3 Bxg4 21. Qxg4 a6 22. Be2 Rg8 23. Qh5 Rac8 24. Rfc1 Rc7 25. Bf3 Ne7 26. a4 Rgc8 {1-0 Schnepel,T (1928)-Hansult,M (1859) Baden-ch U2000 2017 (1)}) 12... dxc4 13. Bxc4 Nb6 14. Bb5 Bd7 15. Bxd7 Qxd7 16. Qd3 h6 17. Bf4 Rac8 18. Rfc1 Nbd5 19. Be5 Nh5 20. Rxc8 Rxc8 21. a4 Nhf4 22. Bxf4 Nxf4 23. Qe4 Qg4 24. Nd2 Rc2 25. Qe8+ Kh7 26. Qe4+ f5 0-1

[Event "45th FIDE Chess Olympiad Open"]
[Site "Budapest, Hungary"]
[Date "2024.09.12"]
[Round "2"]
[White "Mahamat Hachim Bachar"]
[Black "Al-Ali, Hussein Ali Hussein"]
[Result "0-1"]
[WhiteElo "1872"]
[BlackElo "2122"]
[PlyCount "84"]
[EventDate "2024.??.??"]
[WhiteTeam "Chad"]
[BlackTeam "Iraq"]
[WhiteTeamCountry "CHD"]
[BlackTeamCountry "IRQ"]
[WhiteClock "0:58:13"]
[BlackClock "1:12:00"]

1. e4 e6 2. d4 d5 3. Nd2 Nc6 4. Ngf3 Nf6 5. e5 Nd7 6. Bb5 a6 7. Bxc6 bxc6 8. O-O c5 9. c3 cxd4 10. cxd4 c5 11. Nb3 c4 ({RR} 11... a5 12. Bg5 Qb6 13. dxc5 Nxc5 14. Rc1 Ba6 15. Be3 Rc8 16. Re1 Bc4 17. Nxc5 Bxc5 18. Qa4+ Ke7 19. Bg5+ Kf8 20. Qc2 h6 21. Bh4 Bxa2 22. b4 axb4 23. Qxa2 g5 24. Bg3 Kg7 25. h4 g4 26. Nd2 {1-0 Akhmedinov,S (2335)-Manukyan,S (2253) Titled Tue 14th Nov Early 2023 (5)}) 12. Nbd2 Be7 13. Re1 $146 ({RR} 13. Nb1 O-O 14. Nc3 a5 15. Bf4 Bb7 16. Qd2 Bc6 17. Rfe1 Rb8 18. Re2 Qb6 19. g3 Rfe8 20. Kg2 a4 21. a3 Rb7 22. h4 Reb8 23. Qc1 Qa7 24. h5 Rb3 25. h6 g6 26. Bg5 Bxg5 27. Qxg5 Rxb2 {1-0 Burijovich,L (2205)-Avetisyan,A (2192) Internet Section 06A g/8'+2" blitz 2004 (8)}) ({RR} 13. Nb1 O-O 14. Nc3 Nb6 15. Re1 Bd7 16. Bd2 Rb8 17. Qc1 Na4 18. Nxa4 Bxa4 19. Bc3 Qb6 20. Qe3 Bc2 21. Nd2 Bb4 22. Rac1 Bg6 23. b3 Rfc8 24. Bxb4 Qxb4 25. Rc3 cxb3 26. Rxb3 Qe7 27. Rxb8 Rxb8 {0-1 Petrov,A (2174)-Vyaznikov,S (2275) Tambov Korensky Memorial 19th 2010 (4)}) 13... O-O 14. Nf1 Qb6 15. Qc2 f6 16. Bf4 fxe5 17. Bxe5 Nxe5 18. Rxe5 Bf6 19. Rh5 g6 20. Rh6 Ra7 21. Rd1 Rb7 22. Rd2 Bg7 23. Rh4 Qd8 24. Rg4 e5 25. Rg3 Bf5 26. Qd1 Bh6 27. Nxe5 Bxd2 28. Qxd2 Qb6 29. b3 Qb4 30. bxc4 dxc4 31. Rc3 Rc8 32. h3 Qb2 33. Qe3 Re7 34. Nd2 Bd3 35. Nxd3 Rxe3 36. Nxb2 Rxc3 37. Ne4 Rc2 38. Na4 Rxa2 39. Nac3 Rc2 40. d5 Rd8 41. d6 Rxd6 42. Nxd6 Rxc3 0-1

[Event "45th FIDE Chess Olympiad Open"]
[Site "Budapest, Hungary"]
[Date "2024.09.12"]
[Round "2"]
[White "Zozek Salah Mohammed"]
[Black "Abdelaziz Bokhit, Badjoiri"]
[Result "1-0"]
[WhiteElo "2180"]
[BlackElo "1778"]
[PlyCount "137"]
[EventDate "2024.??.??"]
[WhiteTeam "Iraq"]
[BlackTeam "Chad"]
[WhiteTeamCountry "IRQ"]
[BlackTeamCountry "CHD"]
[WhiteClock "0:45:00"]
[BlackClock "0:16:18"]

1. d4 d5 2. Nf3 Bf5 3. g3 Nf6 4. Bg2 e6 5. O-O Bd6 6. c4 h6 ({RR} 6... Nc6 7. cxd5 exd5 8. Nc3 O-O 9. Bg5 Be7 10. Qb3 Na5 11. Qa4 Nc4 12. Ne5 Nb6 13. Qb3 c6 14. Rad1 Ng4 15. Bf4 Nxe5 16. dxe5 Re8 17. e4 Bg4 18. exd5 Bxd1 19. Rxd1 Qc8 20. d6 Bd8 21. d7 {1-0 Ree,H (2435)-Comp Schaakmeester 2.0 The Hague AEGON 1995 (4)}) ({RR} 6... c5 7. cxd5 exd5 8. Nc3 O-O 9. Bg5 Be7 10. dxc5 h6 11. Be3 Nc6 12. h3 Rc8 13. Nd4 Nxd4 14. Bxd4 Qd7 15. b4 Bxh3 16. Rc1 Bxg2 17. Kxg2 Rfd8 18. Qd3 Qe6 19. Rfd1 Ne4 20. Qf3 Bg5 21. e3 {1-0 Sabatier,M (2133)-Wisniowski,N (1955) Titled Tue 25th Jun Late 2024 (7)}) 7. Qb3 Qc8 $146 ({RR} 7... b6 8. Nc3 c6 9. Nd2 O-O 10. e4 dxe4 11. Ndxe4 Nxe4 12. Nxe4 Bxe4 13. Bxe4 Qc7 14. Be3 Nd7 15. Rac1 Rab8 16. d5 exd5 17. cxd5 c5 18. Bb1 Rbe8 19. Qd3 f5 20. b4 Ne5 21. Qc3 c4 22. b5 {0-1 Korhonen,A-Miettinen,T (2043) Helsinki-ch 2012 HSL 75 Group Ch 2011 (5)}) 8. Nc3 c6 9. Nd2 O-O 10. e4 dxe4 11. Ndxe4 Nxe4 12. Nxe4 Be7 13. Bf4 Nd7 14. Nd6 Bxd6 15. Bxd6 Re8 16. Rac1 Nf6 17. Bf4 Qd7 18. Rfd1 Rad8 19. h3 Be4 20. f3 Bg6 21. g4 Qe7 22. Qe3 Qb4 23. b3 Rd7 24. Be5 Red8 25. Rd2 Qa5 26. Rcd1 Kh7 27. h4 h5 28. Qg5 b6 29. Bxf6 gxf6 30. Qxf6 Rg8 31. g5 Rgd8 32. Bf1 Qf5 33. Qxf5 Bxf5 34. Kf2 Kg6 35. Ke3 f6 36. f4 fxg5 37. fxg5 Bg4 38. Bd3+ Bf5 39. Be4 Bxe4 40. Kxe4 c5 41. Rd3 Rf7 42. dxc5 Rxd3 43. Rxd3 bxc5 44. Rd6 Rf2 45. Rxe6+ Kg7 46. Ra6 Rh2 47. Rxa7+ Kg6 48. Ra6+ Kg7 49. Rc6 Rxh4+ 50. Kf5 Rh1 51. Rc7+ Kg8 52. Rxc5 h4 53. Kg4 h3 54. Kg3 h2 55. Kg2 Ra1 56. Kxh2 Rxa2+ 57. Kg3 Rc2 58. Rb5 Re2 59. Rb7 Re4 60. c5 Re5 61. c6 Rxg5+ 62. Kf4 Rg6 63. c7 Rf6+ 64. Kg5 Rc6 65. Rb8+ Kg7 66. c8=Q Rg6+ 67. Kf5 Rf6+ 68. Ke5 Rg6 69. Qh8+ 1-0

[Event "45th FIDE Chess Olympiad Open"]
[Site "Budapest, Hungary"]
[Date "2024.09.12"]
[Round "2"]
[White "Adam, Jamal"]
[Black "Salih, Akar Ali Salih"]
[Result "0-1"]
[WhiteElo "2013"]
[BlackElo "2174"]
[PlyCount "76"]
[EventDate "2024.??.??"]
[WhiteTeam "Chad"]
[BlackTeam "Iraq"]
[WhiteTeamCountry "CHD"]
[BlackTeamCountry "IRQ"]
[WhiteClock "0:04:30"]
[BlackClock "0:06:47"]

1. d4 Nf6 2. c4 c5 3. Nf3 cxd4 4. Nxd4 e5 5. Nb5 d5 6. cxd5 Bc5 7. e3 O-O 8. Be2 a6 9. N5c3 e4 10. O-O ({RR} 10. g4 Qe7 11. g5 Nfd7 12. Nd2 f5 13. h4 b5 14. b3 Nb6 15. Bb2 Rd8 16. Qc2 Nxd5 17. Nxd5 Rxd5 18. b4 Bxb4 19. Qxc8+ Rd8 20. Qxf5 Rxd2 21. Kf1 Rxb2 22. Qd5+ Qf7 23. Qxa8 Rxe2 24. Qxb8+ Bf8 {1-0 Andreikin,D (2729)-Gavilan Diaz,M (2274) Titled Tue 8th Aug Early 2023 (1)}) 10... Bf5 11. Nd2 Re8 12. Qb3 $146 ({RR} 12. Nb3 Ba7 13. Nd4 Bg6 14. b3 Nbd7 15. Bb2 Ne5 16. Qd2 Rc8 17. Rfc1 h5 18. Nd1 Qxd5 19. Rxc8 Rxc8 20. Rc1 Rd8 21. Qb4 Bb8 22. Nc3 Qd7 23. Na4 Bd6 24. Qa5 {½-½ Stull,N (2250)-David,A (2370) Luxembourg op 26th 1987 (7)}) ({RR} 12. Nb3 Bd6 13. Nd4 Bg6 14. Bd2 Nbd7 15. Rc1 Qe7 16. a3 Rac8 17. b4 Nb6 18. g3 h5 19. Qb3 Qd7 20. Rfe1 h4 21. Kg2 Be5 22. a4 Bxd4 23. exd4 Nbxd5 24. Nxd5 Nxd5 25. Rxc8 Rxc8 26. Rc1 Rd8 {0-1 Ghosh,D (2006)-Saravana,K (2261) Commonwealth-ch 2007 (3)}) ({RR} 12. Nb3 Ba7 13. Nd4 Bg6 14. f4 exf3 15. Bxf3 Nbd7 16. Kh1 Nc5 17. g3 Nce4 18. Nxe4 Bxe4 19. b3 Bxd4 20. Qxd4 Bxf3+ 21. Rxf3 Re4 22. Qd1 Qxd5 23. Qxd5 Nxd5 24. Bd2 g6 25. Kg2 f5 26. Rc1 Kf7 {0-1 Madsen,P (2260)-Mortensen,E (2470) Vejle 1994}) 12... Qc7 13. Rd1 Nbd7 14. Nf1 Bd6 15. Qc4 Nc5 16. a4 Qe7 17. b4 Nd3 18. Bxd3 Rac8 19. Qb3 exd3 20. Ba3 Qc7 21. Rac1 Qc4 22. Qxc4 Rxc4 23. f3 Rec8 24. Nb1 Rc2 25. e4 Bd7 26. Nbd2 a5 27. Ra1 axb4 28. Bc1 Be5 29. Rb1 Bc3 30. Nb3 Bxa4 31. Be3 Nd7 32. Rxd3 Ne5 33. Rdd1 Nc4 34. Bc1 Na3 35. Bxa3 bxa3 36. Na1 Rb2 37. Rdc1 Rxb1 38. Rxb1 a2 0-1

[Event "45th FIDE Chess Olympiad Open"]
[Site "Budapest, Hungary"]
[Date "2024.09.12"]
[Round "2"]
[White "Alothman, Ali Layth Ahmed"]
[Black "Hassaballa Ahmed Hassaballa"]
[Result "1-0"]
[WhiteElo "2161"]
[BlackElo "1902"]
[PlyCount "105"]
[EventDate "2024.??.??"]
[WhiteTeam "Iraq"]
[BlackTeam "Chad"]
[WhiteTeamCountry "IRQ"]
[BlackTeamCountry "CHD"]
[WhiteClock "0:08:50"]
[BlackClock "0:01:01"]

1. Nf3 {Bulletin} g6 2. c4 Bg7 3. d4 Nf6 4. Nc3 d6 5. Bg5 c6 6. e3 Qc7 ({RR} 6... a6 7. a3 b5 8. Be2 bxc4 9. Bxc4 Nbd7 10. O-O O-O 11. Rc1 c5 12. dxc5 Nxc5 13. b4 Ncd7 14. Bd5 Ra7 15. Nd4 Nb8 16. a4 Rc7 17. Qb3 e6 18. Bf3 ({RR} 18. Ba8) 18... h6 19. Bh4 g5 20. Bg3 e5 21. Nde2 {½-½ Mestel,A (2510)-Hebden,M (2510) BCF-ch 79th Plymouth 1992 (6)}) ({RR} 6... a6 7. a4 Nbd7 8. Be2 h5 9. b4 b6 10. O-O O-O 11. Qb3 Nh7 12. Bf4 Kh8 13. e4 e5 14. dxe5 Nxe5 15. Rfd1 Qf6 16. Bd2 Be6 17. b5 axb5 18. axb5 c5 19. Ra6 Rfb8 20. Be1 Bf8 21. Nd5 {1-0 Bail,E (1848)-Campagnolo,B (1316) Florianopolis op 7th 2021 (6)}) 7. Be2 h6 $146 ({RR} 7... a5 8. O-O O-O 9. a3 Bf5 10. Bd3 Bxd3 11. Qxd3 Na6 12. Rab1 e5 13. b4 Rfe8 14. Nd2 exd4 15. exd4 axb4 16. axb4 Nxb4 17. Rxb4 Qa5 18. Bxf6 Qxb4 19. Rb1 Qa3 20. Bxg7 Kxg7 21. h4 b5 22. cxb5 {1-0 Orlinkov,M (2377)-Novikov,V (2212) Moscow op 03rd 2007 (3)}) 8. Bh4 Bf5 9. h3 g5 10. Bg3 Ne4 11. Nxe4 Bxe4 12. O-O Nd7 13. Rc1 c5 14. Nd2 Bg6 15. Nb1 Bxb1 16. Rxb1 e5 17. dxc5 dxc5 18. Bg4 Nb6 19. Qc2 O-O 20. b3 Qe7 21. Rbd1 Rfd8 22. Qe4 Kf8 23. Bf3 Rxd1 24. Rxd1 Rb8 25. Qf5 Qf6 26. Qg4 Qe7 27. Be4 Ke8 28. h4 Rd8 29. hxg5 hxg5 30. a4 Rxd1+ 31. Qxd1 Nc8 32. Qd5 Qd6 33. f3 Qxd5 34. Bxd5 b6 35. a5 Ne7 36. e4 f5 37. Bf2 Kd7 38. Ba8 f4 39. Kh2 Bf6 40. Kh3 Nc8 41. Kg4 Nd6 42. Kh5 Bd8 43. Kg6 Ke6 44. Bc6 Be7 45. Bd5+ Kd7 46. Be1 Ne8 47. Bc3 Kd6 48. Bf7 Nf6 49. Kf5 Nd7 50. Be8 Bd8 51. Bxd7 Kxd7 52. axb6 axb6 53. Bxe5 1-0